000 01108cam a2200277 ic4500
001 2709381
003 EG-ScBUE
005 20250429115616.0
008 710118t1970 nyua frb 000 0 eng
040 _aEG-ScBUE
_beng
_erda
_cEG-ScBUE
_dEG-ScBUE
082 0 4 _a530.141076
_222
_bFOS
100 1 _aFoster, K.
_q(Keith),
_eauthor.
245 1 0 _aElectromagnetic theory :
_bproblems and solutions.
_nvolume 2 /
_cK. Foster, Department of Electrical Engineering, Lanchester College of Technology, Coventry, R. Anderson, Department of Electrical Engineering, Lanchester College of Technology, Coventry.
264 1 _aNew York, N.Y. :
_bSt. Martin's Press,
_c[1970]
264 4 _cc1970
300 _aviii, 239 pages :
_billustrations ;
_c22 cm
336 _2rdacontent
_atext
_btxt
337 _aunmediated
_2rdamedia
_bn
338 _avolume
_bnc
_2rdacarrier
504 _aIncludes bibliographical references.
650 7 _aElectromagnetic theory.
_2BUEsh
655 _vReading book
700 1 _aAnderson, R.
_q(Robert),
_d1932-
_eauthor.
906 _a7
_bcbc
_corignew
_d2
_encip
_f19
_gy-gencatlg
942 _2ddc
_cBB
999 _c10043
_d10043